Normal view
MARC view
- الأدب العربي
Entry Topical Term
001 - CONTROL NUMBER
- control field: 48031
003 - CONTROL NUMBER IDENTIFIER
- control field: JO-AjAnu
005 - DATE AND TIME OF LATEST TRANSACTION
- control field: 20230606081926.0
008 - FIXED-LENGTH DATA ELEMENTS
- fixed length control field: 230606|| aca||aabn | a|a d
040 ## - CATALOGING SOURCE
- Original cataloging agency: JO-AjAnu
- Transcribing agency: JO-AjAnu
150 ## - HEADING--TOPICAL TERM
- Topical term or geographic name entry element: الأدب العربي
670 ## - SOURCE DATA FOUND
- Source citation: Work cat.: (JO-AjAnu)24575: تحرير وتقديم منير، محمود, author 48030, لست سواي: حوارات مع إلياس فركوح وبورتيهات (2006-2013)